| Tag |
First Indicator |
Second Indicator |
Subfields |
| LEADER |
00000cam a2200000Mi 4500 |
| 001 |
in00002069521 |
| 005 |
20151102051044.0 |
| 008 |
990415m19561963my da b 001 0 eng d |
| 035 |
|
|
|a (OCoLC)ocm43217054
|
| 040 |
|
|
|a EQO
|c EQO
|d OCLCQ
|d BUF
|d TXA
|d UtOrBLW
|
| 049 |
|
|
|a TXAM
|
| 090 |
|
|
|a RC156
|b .F452
|
| 100 |
1 |
|
|a Field, John William,
|d 1899-
|
| 245 |
1 |
4 |
|a The microscopical diagnosis of human malaria /
|c by John W. Field [and others].
|
| 264 |
|
1 |
|a Kuala Lumpur, Malaya :
|b Economy Printers (v.1) :
|b Institute for Medical Research (v. 2),
|c 1956-1963.
|
| 300 |
|
|
|a 2 volumes :
|b illustrations ;
|c 26 cm.
|
| 336 |
|
|
|a text
|b txt
|2 rdacontent
|
| 337 |
|
|
|a unmediated
|b n
|2 rdamedia
|
| 338 |
|
|
|a volume
|b nc
|2 rdacarrier
|
| 490 |
1 |
|
|a Studies from the Institute for Medical Research, Federation of Malaya,
|v no. 30
|
| 490 |
1 |
|
|a Studies from the Institute for Medical Research, Federation of Malaya,
|v no. 24
|
| 500 |
|
|
|a Corrigenda slip inserted in both volumes.
|
| 504 |
|
|
|a Includes bibliographical references and indexes in both volumes.
|
| 505 |
0 |
|
|a v. 1. A morphological study of the erythrocytic parasites in thick blood films / by John W. Field, A.A. Sandosham and Yap Loy Fung. -- v. 2. A morphological study of the erythrocytic parasites / by John W. Field and P.G. Shute. Illustrated by Yap Loy Fung.
|
| 650 |
|
0 |
|a Malaria
|x Diagnosis.
|
| 650 |
|
2 |
|a Malaria
|x Asia
|v Bibliography.
|
| 700 |
1 |
|
|a Sandosham, A. A.
|
| 700 |
1 |
|
|a Fung, Yap Loy.
|
| 700 |
1 |
|
|a Shute, Percy G.
|q (Percy George)
|
| 830 |
|
0 |
|a Studies from the Institute for Medical Research, Federation of Malaya ;
|v no. 30.
|
| 830 |
|
0 |
|a Studies from the Institute for Medical Research, Federation of Malaya ;
|v no. 24.
|
| 948 |
|
|
|a cataloged
|b h
|c 2005/8/4
|d c
|e eneff
|f 11:05:42 am
|
| 994 |
|
|
|a C0
|b TXA
|
| 999 |
|
|
|a MARS
|
| 999 |
f |
f |
|s e727eb98-c312-3d3c-ae76-b722b91c6979
|i 78c72a56-e845-3c34-a591-08b2a61bdd51
|t 0
|
| 952 |
f |
f |
|p ric
|a Texas A&M University
|b Rellis Campus
|c Joint Library Facility
|d Remote Storage
|t 0
|e RC156 .F452
|h Library of Congress classification
|i unmediated -- volume
|k v.2
|m A14832225617
|
| 952 |
f |
f |
|p ric
|a Texas A&M University
|b Rellis Campus
|c Joint Library Facility
|d Remote Storage
|t 0
|e RC156 .F452
|h Library of Congress classification
|i unmediated -- volume
|k v.1
|m A14832225659
|
| 998 |
f |
f |
|a RC156 .F452
|s v.1 - v.2
|t 0
|l Remote Storage
|